BSOP header

In Dominico eloquio = (Record no. 8942)

MARC details
000 -LEADER
fixed length control field 00915nam a2200229 4500
008 - FIXED-LENGTH DATA ELEMENTS--GENERAL INFORMATION
fixed length control field 020620s2002 us 0 eng
020 ## - INTERNATIONAL STANDARD BOOK NUMBER
International Standard Book Number 0802838820
090 ## - LOCALLY ASSIGNED LC-TYPE CALL NUMBER (OCLC); LOCAL CALL NUMBER (OCLC)
Classification number (OCLC) (R) ; Classification number, CALL (RLIN) (NR) BS500
Local cutter number (OCLC) ; Book number/undivided call number, CALL (RLIN) In2b
245 10 - TITLE STATEMENT
Title In Dominico eloquio =
-- in Lordly eloquence :
Remainder of title essays on patristic exegesis in honor of Robert Louis Wilken /
Statement of responsibility, etc edited by Paul M. Blowers, Angela Russell Christman, David G. Hunter and Robin Darling Young.
246 10 - VARYING FORM OF TITLE
Title proper/short title In Lordly eloquence
260 ## - PUBLICATION, DISTRIBUTION, ETC. (IMPRINT)
Place of publication, distribution, etc Michigan :
Name of publisher, distributor, etc Eerdmans,
Date of publication, distribution, etc c2002.
300 ## - PHYSICAL DESCRIPTION
Extent xvi, 438 p.
504 ## - BIBLIOGRAPHY, ETC. NOTE
Bibliography, etc Includes bibliographical references
650 #4 - SUBJECT ADDED ENTRY--TOPICAL TERM
Topical term or geographic name as entry element Bible
General subdivision Criticism, interpretation, etc.
-- History
Chronological subdivision Early church, ca. 30-600.
650 #4 - SUBJECT ADDED ENTRY--TOPICAL TERM
Topical term or geographic name as entry element Fathers of the church.
951 ## - EQUIVALENCE OR CROSS-REFERENCE-GEOGRAPHIC NAME/AREA NAME [OBSOLETE] [CAN/MARC only]
General subdivision 00027673
700 1# - ADDED ENTRY--PERSONAL NAME
Personal name Blowers, Paul M.
700 1# - ADDED ENTRY--PERSONAL NAME
Personal name Christman, Angela Russell
700 1# - ADDED ENTRY--PERSONAL NAME
Personal name Hunter, David G.
700 1# - ADDED ENTRY--PERSONAL NAME
Personal name Young, Robin Darling
913 ## -
-- ELT
951 ## - EQUIVALENCE OR CROSS-REFERENCE-GEOGRAPHIC NAME/AREA NAME [OBSOLETE] [CAN/MARC only]
-- 25081
-- BS500/In2b
-- 070613111127406
-- 2000-12-21
-- GC
Holdings
Withdrawn status Lost status Damaged status Not for loan Home library Current library Shelving location Date acquired Accession number Shelving control number Total Checkouts Full call number Barcode Date last seen Price effective from Koha item type
        BSOP Library BSOP Library GC 12/21/2000 25081 127   BS500/In2b 00027673 02/23/2013 02/23/2013 Books
BSOP

Biblical Seminary of the Philippines
  All rights Reserved
  © 2024

CONTACT INFORMATION

Biblical Seminary of the Philippines,
  77-B Karuhatan Road, Valenzuela City,
  PHILIPPINES 1441
  Phone: +632 8292-6795 / 8292-6798
  Fax : +632 8292-6675
  Email: library@bsop.edu.ph